000 00741nam a2200289Ia 4500
001 7517
003 IT-RoPAU
008 130308s9999 xx 000 0 und d
040 _aIT-RoPAU
040 _cIT-RoPAU
041 _aFRANCESE
100 _aAstre Georges Albert
100 _gCodice Aut. SPICS: 9752
245 _aAux couleurs du monde
245 _bImage et la Couleur (L')-1-La Couleur En Question
250 _a1a ed.
260 _aPARIS
260 _bMinard
260 _c1965 [1° Ed.:1965 - Ed.Ling.Originale:1965]
300 _a"1 p. (prefazione: no ; testo: 1)"
650 _aTECNICA CINEMATOGRAFICA
650 _eCodice materia Spics: 6802
942 _cBK
957 _71
999 _c51446
_d51446
999 _bSI
999 _g1